000
00462nam a2200181Ia 4500
008
090123s9999 xx 000 0 und d
082
_b
877
100
_a
बी.
245
_a
फुलांची ओंजळ
250
_a
1
260
_b
कुलकर्णी अ.अ.
300
_a
139
600
_a
बी.
630
_a
फुलांची ओंजळ
700
_a
बी.
730
_a
फुलांची ओंजळ
942
_c
BOOK
999
_c
38964
_d
38964